000 00765nam a2200205 a 4500
001 000020976
005 20200930011214.0
008 100825s1978 dr a 000 0 spa d
040 _aDO-SdBNP
_bspa
_cBNPHU
082 _a305.562097293
_bM722b
100 1 _aMolina, Henry
_97271
245 1 0 _aBases para una política socio-laboral en la República Dominicana /
_cHenry Molina ; prólogo José Gómez Cerda.
260 _aSanto Domingo :
_bVisión,
_c1978.
300 _a168, 17, [6] p. :
_bil. ;
_c18 cm.
500 _aIncluye datos biográficos del autor en la página 167
590 _aInventariado, 2018/BT
650 4 _aTrabajadores
_zRepública Dominicana
_92452
700 1 2 _aGómez Cerda, José,
_epról.
_98583
910 _aValidado. Control de calidad. MFF
999 _c20479
_d20479